| 000 | 00956nam0a22002771 4500 | ||
|---|---|---|---|
| 001 | rc\2581651 | ||
| 005 | 20230418141018.0 | ||
| 035 | _a(NLR Aleph) 006746116 | ||
| 090 |
_a5695648 _c5695648 |
||
| 100 | _a20110914d1928 |||y0rusy50 ca | ||
| 101 | 0 | _arus | |
| 102 | _aRU | ||
| 105 | _ay z ||||| | ||
| 200 | 1 |
_aПрирода Сибири _fВ. В. Ревердатто, В. А. Хахлов |
|
| 210 |
_aНовосибирск _cСибкрайиздат _d1928 _gтип. Сибкрайсоюза |
||
| 215 |
_a61, [2] с. _d22х16 см. |
||
| 225 | 1 | _aК изучению Сибири | |
| 300 | _aНа обл.: проф. В. В. Ревердатто проф. В. А. Хахлов | ||
| 700 | 1 |
_aРевердатто _bВ. В. _f1891-1968 _gВиктор Владимирович |
|
| 701 | 1 |
_aХахлов _bВ. А. |
|
| 801 | 0 |
_aRU _bNLR _gpsbo |
|
| 801 | 1 |
_aRU _bELAR _2rusmarc |
|
| 852 |
_aNLR _j40/3004 |
||
| 942 | _cBOOK | ||
| 980 | _aNB | ||